000
nam a22 7a 4500
999
_c
329208
_d
329208
003
Nust
005
20170426161448.0
008
170426b xxu||||| |||| 00| 0 eng d
040
_c
DLC
082
_a
954.0254 AZA
100
_a
آزاد،مولانا محمد حسن
245
_a
دربار اکبری
300
_a
992p. :
942
_2
ddc
_c
BK